| 000 | 00796nam a22001937a 4500 | ||
|---|---|---|---|
| 999 |
_c371432 _d371432 |
||
| 008 | 201127b ||||| |||| 00| 0 eng d | ||
| 040 |
_aDE-2950 _bger _cDE-2950 _erda |
||
| 041 | _ager | ||
| 245 |
_aStudentenwerk Frankfurt will gendergerechten Namen. _bUniversität: Die für mehrere Hochschulen in Ostbrandenburg zuständige Einrichtung plant eine Umbenennung. Und es gibt weitere Vorhaben für 2022 / _cJacqueline Westermann |
||
| 264 | _c2022 | ||
| 653 | _aFrankfurt (Oder) | ||
| 653 | _aEuropa-Universität Viadrina | ||
| 653 | _aStudentenwerk | ||
| 773 |
_dFrankfurt (Oder) Märkisches Verlags- und Druckhaus GmbH & Co KG _tMärkische Oderzeitung _g33. Jahrgang (2022) Nr. 39 vom 16.02.2022, S. 13 |
||
| 942 | _cA | ||